000 00742nam a2200265 i 4500
001 C2-0284734
003 PPAK
005 20180728014527.0
008 071209s2006 my a|||| ||||| | may d
020 _a9833440134
040 _aPPAK
_beng
_cPPAK
_erda
082 0 4 _a899.233
_223
090 0 0 _a899.233
_bNUR
_dK
100 0 _aNur Ikhwan,
_eauthor
245 1 0 _aBukan salah matahari
264 1 _aKuala Lumpur :
_bEdaran Kemajuan ,
_c2006
300 _a80 pages :
_billustrations ;
_c18 cm
336 _2rdacontent
_atext
337 _2rdamedia
_aunmediated
338 _2rdacarrier
_avolume
490 1 _aSiri cereka sewangi kasih remaja
650 1 0 _aMalay fiction.
830 0 _aSiri cereka sewangi kasih remaja
942 _ddc
_cB
999 _c90663
_d90663